Guess All 72 Wands - Harry Potter - Statistics

General Stats
  • This quiz has been taken 58 times
  • The average score is 31 of 72
Answer Stats
Picture Answer % Correct
Albus Dumbledore (2nd)
98%
Lucius Malfoy
95%
Bellatrix Lestrange
88%
Harry Potter (2nd)
88%
Rubeus Hagrid
86%
Voldemort
74%
Hermione Granger (2nd)
72%
Draco Malfoy
70%
Dolores Umbridge
67%
Ron Weasley (2nd)
67%
Narcissa Malfoy
65%
Luna Lovegood
63%
Sirius Black
63%
Severus Snape
60%
Fred Weasley
56%
Ginny Weasley
56%
Viktor Krum
56%
George Weasley
53%
Minerva McGonagall
53%
Remus Lupin
53%
Fleur Delacour
51%
Horace Slughorn
51%
Ron Weasley
49%
Nymphadora Tonks
47%
James Potter
44%
Cedric Diggory
42%
Molly Weasley
42%
Neville Longbottom
42%
Arthur Weasley
40%
Peter Pettigrew
40%
Alastor Mad-Eye Moody
37%
Bill Weasley
37%
Dean Thomas
37%
Filius Flitwick
37%
Kingsley Shacklebolt
37%
Parvati Patil
37%
Percy Weasley
37%
Seamus Finnigan
37%
Death eater (skull)
35%
Gilderoy Lockhart
35%
Albus Dumbledore
33%
Death eater (snake)
33%
Harry Potter
33%
Hermione Granger
33%
Pomona Sprout
33%
Cho Chang
30%
Death eater (stallion)
30%
Death eater (swirl)
30%
Death eater (thorn)
30%
Mundungus Fletcher
30%
Sybill Trelawney
30%
Death eater (brown)
28%
Gellert Grindelwald
28%
Gregory Goyle
28%
Lavender Brown
28%
Rufus Scrimgeour
28%
Vincent Crabbe
28%
Xenophilius Lovegood
28%
Bellatrix Lestrange (2nd)
26%
Lucius Malfoy (2nd)
26%
Alecto Carrow
23%
Corban Yaxley
23%
Fenrir Greyback
23%
Katie Bell
23%
Mykew Gregorovitch
23%
Nigel Wolpert
23%
Pius Thicknesse
23%
Poppy Pomfrey
23%
Scabior
23%
Aberforth Dumbledore
21%
Oliver Wood
21%
Snatcher
21%
No matching quizzes found
Score Distribution
Percent of People with Each Score
Percentile by Number Answered
Your Score History
You have not taken this quiz